LEADER 01196nam a2200313 a 4500 001 000000168837 003 CaOOAMICUS 005 20180718085803.0 008 180718s2017 it u000 u ita r 020 $a978-88-921-0828-8* 032 $aLibriCat 040 $aPUL$bita 082 04$a341.481 100 1 $aMorviducci, Claudia.$0(OLS)http://pul/name/36806 245 12$aI diritti dei cittadini europei /$cClaudia Morviducci. 250 $a3. ed. 260 $aTorino :$bG. Giappichelli,$cİ2017. 300 $aXIX, 380 p. ;$c24 cm. 500 $aInclude indice. 504 $aBibliografia p. [359]-380. 610 14$aUnione Europea$xCittadinanza.$0(OLS)http://pul/subject/37641 850 $aPUL 852 $aPUL$W1$xSL Diritto e Scienze Sociali 3$y79$m341. 481 MORCL 2$j192242$qDDC 21$B196780$CPULBib$Z2$F196780 $H131199 $81 941 1 $a9 996 $6020$a978-88-921-0828-8*$9(OLS)http://pul/number/164572 996 $6082$a341.481$9(OLS)http://pul/classification/2000 996 $6245$aI diritti dei cittadini europei$9(OLS)http://pul/title/157937 996 $6260$aTorino :$bG. Giappichelli$9(OLS)http://pul/publisher/49130 LEADER 01315nam a2200313 a 4500 001 000000171589 003 CaOOAMICUS 005 20190315114958.0 008 190315s2018 it u000 u ita r 020 $a978-88-01-06456-8* 032 $aLibriCat 040 $aPUL$bita 100 1 $aTamburrino, Francesco Pio.$0(OLS)http://pul/name/101490 245 10$aMatrimonio e famiglia :$bun tesoro in vasi di creta /$cFrancesco Pio Tamburrino. 260 $aTorino :$bEllediCi,$cİ2018. 300 $a244 p. ;$c21 cm. 490 1 $aMatrimonio e famiglia 504 $aBibliografia in nota e alle pag. 233-240. 650 4$aMatrimonio (teologia).$0(OLS)http://pul/subject/4419 650 4$aFamiglia$xTeologia pastorale.$0(OLS)http://pul/subject/44167 830 0$aMatrimonio e famiglia (Elledici).$0(OLS)http://pul/title/160016 850 $aPUL 852 $aPUL$W1$xSL Religione 3$y85$m248. 4 TAMFR 1$j195370$qDDC 21$B200243$CPULBib$Z2$F200243 $H132286 $82 941 1 $a9 960 $aPastorale familiare$944167 996 $6020$a978-88-01-06456-8*$9(OLS)http://pul/number/165822 996 $6245$aMatrimonio e famiglia :$bun tesoro in vasi di creta $9(OLS)http://pul/title/212395 996 $6260$aTorino :$bEllediCi$9(OLS)http://pul/publisher/67120